000 00828nam a22002537a 4500
001 108322
003 UA-OsUOA
005 20201117224901.0
007 ta
008 20141015b un ||||| |||| 00| 0 ukr d
020 _a978-966-1676-40-3
040 _aUA-OsUOA
_bukr
_cUA-OsUOA
_dUA-OsUOA
041 _aukr
080 _a82-94
090 _a82-94
_bХ65
100 _aХмельковський Л.
245 _aЯк ми жили: спомин про Головчинецький спеціальний дитячий будинок ім. Сталіна
260 _aК.
_bСмолоскип
_c2012
300 _a72 с.
650 7 _a82 Література. Літературознавство
_2UDC
942 _cBK
_2udc
955 _a3
999 _c394964
_d394964